000 00550nam a2200193Ia 4500
005 20250508162229.0
008 008 250505s9999 xx 000 0 eng d
037 _aTextual
040 _aFEDL
_beng
_cFEDL
041 _aeng
_2eng
084 _a370.1, SAR
_qFEDL
100 _aSarkar S. C.
245 0 _aEducational ideas and institutions in ancient India
260 _aPatna, India
_bJanaki Prakashan
_c1979
300 _aii,195p.
650 _aEducation - Philosophy
942 _cTEXL
_h370.1, SAR
999 _c1375245
_d1375245